000 01835nam0a2200373 4500
001 RU\NLR\BIBL_A\012419011
005 20260405080038.0
010 _a9785911550820
_9100
021 _aRU
_b2020-34024
_9КН-П-2603
035 _a(RuMoRGB)010357303
035 _a(NLR Aleph) 012419011
090 _a11815818
_c11815818
100 _a20201210d2020 u y0rusy50 ca
101 0 _arus
102 _aRU
105 _aach z 000zy
181 0 _ai
_baxxe
182 0 _an
200 1 _aТри кита эконики
_eистоки и перспективы нового направления в общей биологии
_fЕ. Б. Попов, В. А. Драгавцев, С. И. Малецкий
203 _aТекст
_bвизуальный
_cнепосредственный
210 _aСанкт-Петербург
_cИздательско-полиграфическая ассоциация высших учебных заведений
_d2020
215 _a127, [4] с.
_cил., портр., факс.
_d21
300 _aНа 4-й с. обл. авт.: В. А. Драгавцев, акад. РАН, Засл. деятель науки России, С. И. Малецкий, д-р биол. наук, проф., Е. Б. Попов
320 _aБиблиогр. в конце кн. (118 назв.)
606 _aНаследственность
_9930489
_3RU\NLR\AUTH\6623965
686 1 _aЕ041
700 1 _8rus
_7ca
_aПопов
_bЕ. Б.
_f1948-
_cбиолог, эколог
_gЕвгений Борисович
_3RU\NLR\AUTH\7727380
_910414
701 1 _aДрагавцев
_bВ. А.
_gВиктор Александрович
701 1 _aМалецкий
_bС. И.
_gСтанислав Игнатьевич
942 _cBOOK
980 _aNBR